Un uomo per amica /

محفوظ في:
التفاصيل البيبلوغرافية
المؤلف الرئيسي: Ramster, John
مؤلفون آخرون: Libero, Chiara
التنسيق: كتاب
منشور في: Milano La tartaruga [1999]
الطبعة:2a ed.
سلاسل:Narrativa
الوسوم: إضافة وسم
لا توجد وسوم, كن أول من يضع وسما على هذه التسجيلة!

MARC

LEADER 00000nam a2200000 i 4500
001 CDOM0000001500
003 mi
005 20251003181925.0
008 990628s1999 it |||||| ||||| |||||c
020 |a 8877383070 
040 |c mi 
082 |a 823.914 
100 |a Ramster, John 
240 |a Ladiesʼ man. 
245 1 |a Un uomo per amica /  |c John Ramster ; traduzione di Chiara Libero 
250 |a 2a ed. 
260 |a Milano  |b La tartaruga  |c [1999] 
300 |a 338 p. ;  |c 21 cm. 
700 |a Libero, Chiara 
830 |a Narrativa 
942 |2 ddc  |c BK 
952 |0 0  |1 0  |2 ddc  |4 0  |6 B_LNR02RAMJOUOM11  |7 0  |9 5521  |a MI  |b MI  |d 2005-10-12  |i 4291  |l 0  |o B-LNR02-RAMJO-UOM11  |p CDOM4291  |r 2025-07-13 16:28:00  |w 2025-07-13  |x ACQUISTO  |y BK  |z Non disponibile 
999 |c 4406  |d 4406